50 states of America quiz - Statistics

General Stats
  • This quiz has been taken 270 times
  • The average score is 39 of 50
Answer Stats
Hint Answer % Correct
AA Alabama
95%
CA California
94%
AA Alaska
92%
NW YK New York
91%
AS Arkansas
90%
CO Colorado
90%
FA Florida
90%
GA Georgia
88%
AA Arizona
87%
DE Delaware
86%
HI Hawaii
86%
IA Iowa
84%
KS Kansas
84%
NW JY New Jersey
84%
CT Connecticut
82%
IO Idaho
82%
KY Kentucky
82%
ME Maine
81%
NH DA North Dakota
81%
OO Ohio
81%
IS Illinois
79%
NW MO New Mexico
79%
NH CA North Carolina
78%
SH DA South Dakota
78%
TS Texas
78%
UH Utah
78%
NW HE New Hampshire
77%
IA Indiana
76%
NA Nevada
76%
LA Louisiana
75%
MI Mississippi
75%
RE ID Rhode Island
74%
SH CA South Carolina
74%
WT VA West Virginia
74%
TE Tennessee
73%
WN Washington
72%
MD Maryland
71%
MS Massachusetts
70%
VA Virginia
70%
WG Wyoming
70%
NA Nebraska
69%
PA Pennsylvania
68%
VT Vermont
68%
MN Michigan
67%
MA Montana
67%
MA Minnesota
66%
ON Oregon
66%
OA Oklahoma
65%
MI Missouri
64%
WN Wisconsin
58%
No matching quizzes found
Score Distribution
Percent of People with Each Score
Percentile by Number Answered
Your Score History
You have not taken this quiz